MARC details
| 000 -CABECERA |
| campo de control de longitud fija |
01289nam a2200265 a 4500 |
| 001 - NÚMERO DE CONTROL |
| campo de control |
000043231 |
| 005 - FECHA Y HORA DE LA ÚLTIMA TRANSACCIÓN |
| campo de control |
20250129073605.0 |
| 008 - DATOS DE LONGITUD FIJA--INFORMACIÓN GENERAL |
| campo de control de longitud fija |
140226s2013 dr ac 000 0 spa d |
| 020 ## - NÚMERO INTERNACIONAL ESTÁNDAR DEL LIBRO |
| Número Internacional Estándar del Libro |
9789945009538 |
| 040 ## - FUENTE DE LA CATALOGACIÓN |
| Centro catalogador/agencia de origen |
DO-SdBNP |
| Lengua de catalogación |
spa |
| Centro/agencia transcriptor |
BNPHU |
| 082 ## - NÚMERO DE LA CLASIFICACIÓN DECIMAL DEWEY |
| Número de clasificación |
923.17293 |
| Número de documento/Ítem |
C118M |
| 049 ## - FONDOS LOCALES (OCLC) |
| Fondos de biblioteca |
BNPD |
| 100 1# - ENTRADA PRINCIPAL--NOMBRE DE PERSONA |
| Nombre de persona |
Martínez, Rufino |
| 9 (RLIN) |
38668 |
| 245 10 - MENCIÓN DE TÍTULO |
| Título |
Ramón Cáceres : |
| Resto del título |
breve antología biográfica / |
| Mención de responsabilidad, etc. |
Rufino Martínez, Juan Daniel Balcácer, Pedro Troncoso Sánchez ; presentación Carlos Amarante Baret. |
| 260 ## - PUBLICACIÓN, DISTRIBUCIÓN, ETC. |
| Lugar de publicación, distribución, etc. |
Santo Domingo : |
| Nombre del editor, distribuidor, etc. |
Ministerio de Educación, |
| Fecha de publicación, distribución, etc. |
2013. |
| 300 ## - DESCRIPCIÓN FÍSICA |
| Extensión |
97 p. : |
| Otras características físicas |
il., retrs. ; |
| Dimensiones |
22 cm. |
| 505 0# - NOTA DE CONTENIDO CON FORMATO |
| Información miscelánea |
Presentación / |
| Mención de responsabilidad |
Carlos Amarante Baret -- |
| Título |
Cáceres, Ramón (A) Mon Cáceres / |
| Mención de responsabilidad |
Rufino Martínez |
| Título |
Ramón Cáceres y su gestión gubernativa / |
| Mención de responsabilidad |
Juan Daniel Balcácer |
| Título |
Ramón Cáceres y el reordenamiento político y militar / |
| Mención de responsabilidad |
Pedro Troncoso Sánchez. |
| 600 14 - PUNTO DE ACCESO ADICIONAL DE MATERIA--NOMBRE DE PERSONA |
| Nombre de persona |
CÁCERES, RAMÓN, |
| Fechas asociadas al nombre |
1866-1911 |
| 9 (RLIN) |
196 |
| 650 #4 - PUNTO DE ACCESO ADICIONAL DE MATERIA--TÉRMINO DE MATERIA |
| Término de materia o nombre geográfico como elemento de entrada |
Presidentes |
| Subdivisión general |
República dominicana |
| -- |
Biografías |
| 9 (RLIN) |
70820 |
| 651 #0 - PUNTO DE ACCESO ADICIONAL DE MATERIA--NOMBRE GEOGRÁFICO |
| Nombre geográfico |
República Dominicana -- |
| Subdivisión general |
Historia -- |
| Subdivisión cronológica |
1844-1930 |
| 9 (RLIN) |
1009 |
| 700 12 - PUNTO DE ACCESO ADICIONAL--NOMBRE DE PERSONA |
| Nombre de persona |
Balcácer, Juan Daniel, |
| Fechas asociadas al nombre |
1949- |
| 9 (RLIN) |
6566 |
| 700 12 - PUNTO DE ACCESO ADICIONAL--NOMBRE DE PERSONA |
| Nombre de persona |
Troncoso Sánchez, Pedro, |
| Fechas asociadas al nombre |
1904-1989 |
| 9 (RLIN) |
23599 |
| 700 12 - PUNTO DE ACCESO ADICIONAL--NOMBRE DE PERSONA |
| Nombre de persona |
Amarante Baret, Carlos, |
| Fechas asociadas al nombre |
1960- |
| Término indicativo de función/relación |
present. |
| 9 (RLIN) |
64730 |
| 910 ## - DATOS DE OPCIÓN DEL USUARIO (OCLC) |
| Datos de opción del usuario |
Validado. Control de calidad EMS |